Derecho cambiario.
Saved in:
| Main Author: | |
|---|---|
| Other Authors: | , , , , , , , , , , , , , |
| Format: | Book |
| Published: |
Valencia, España:
Tirant lo Blanch,
2013.
|
| Series: | Tirant lo Blanch Tratados.
|
| Subjects: | |
| Tags: |
Add Tag
No Tags, Be the first to tag this record!
|
MARC
| LEADER | 00000nam a22000007a 4500 | ||
|---|---|---|---|
| 003 | CL-VaPUC | ||
| 005 | 20220822114536.0 | ||
| 008 | 220701t2013 ||||| |||| 00| 0 eng d | ||
| 999 | |c 436601 |d 436599 | ||
| 020 | |a 978-84-9033-394-5 | ||
| 040 | |c Pontificia Universidad Católica de Valparaíso | ||
| 082 | 7 | |a 346.096 BUÑ 2013 |2 22 | |
| 100 | 1 | |a Bañuls Gómez, Francisco Alexis |e autor |9 871955 | |
| 245 | |a Derecho cambiario. | ||
| 260 | |a Valencia, España: |b Tirant lo Blanch, |c 2013. | ||
| 300 | |a 663 páginas. | ||
| 490 | |a Tirant lo Blanch Tratados. | ||
| 500 | |a c.1 Donación Familia Prof. Alejandro Guzmán Brito. | ||
| 583 | |c 20220701 |k Cristina María Rojas Aguilar | ||
| 650 | |a Ley cambiaria |z España |9 872042 | ||
| 650 | |a Ley del cheque |z España |9 872043 | ||
| 700 | |a Beltrán, Emilio |e autor |e director |9 871956 | ||
| 700 | |a Campuzano, Ana B |e autora |q coordinadora |9 871957 | ||
| 700 | |a Carbajo Cascón, Fernando |e autor |9 871958 | ||
| 700 | |a Casado Abarquero, Marta |e autora |9 871959 | ||
| 700 | |a Díaz Moreno, Alberto |e autor |9 871960 | ||
| 700 | |a Fernández Marín, Fernando |e autor |9 871961 | ||
| 700 | |a García Pérez, Octavio |e autor |9 871962 | ||
| 700 | |a García-Rostán Calvín, Gemma |e autora |9 871963 | ||
| 700 | |a Gómez Amigo, Luis |e autor |9 871964 | ||
| 700 | |a Iriarte Angel, José Luis |e autor |9 871965 | ||
| 700 | |a Moya Ballester, Jorge |e autor |9 871966 | ||
| 700 | |a Núñez Lozano, Pablo Luis |e autor |9 871967 | ||
| 700 | |a Senés, Carmen |e autora |e directora |9 871968 | ||
| 700 | |a Cuscó, María Angeles |e autora |9 871969 | ||
| 942 | |2 ddc |c BK |n 0 | ||
| 952 | |0 0 |1 0 |2 ddc |4 0 |6 346_096000000000000_BUÑ_2013 |7 1 |8 C_AGB |9 584275 |a BIBDER |b BIBDER |d 2022-07-01 |e Donación |i 5652410 |o 346.096 BUÑ 2013 |p 5652410 |r 2023-01-25 |t 1 |w 2022-07-01 |y BK_US |k AGB | ||